Skład atmosfery Ziemi. - Statystyki

Ogólne statystyki
  • Ten quiz został rozwiązany 99 razy
  • Średni wynik to 5 z 9
Statystyki odpowiedzi
% zawartości Odpowiedź % Poprawnych
20,9 Tlen
100%
78,1 Azot
99%
0,04 Dwutlenek węgla
70%
0,0005 Hel
69%
0,00005 Wodór
66%
0,9 Argon
58%
0,002 Neon
39%
0,0001 Krypton
26%
0,0002 Metan (CH4)
11%
Nie znaleziono quizów pasujących do podanych kryteriów
Rozkład punktacji
Procent ludzi z każdym wynikiem
Percentyl według liczby udzielonych odpowiedzi
Twoja historia wyników
Nie rozwiązałeś tego quizu